000 00562nam a2200169 i 4500
001 79529
003 ES-MaACL
005 20230906174010.0
007 t|
008 041021s1957 sp ||||1| spa d
100 1 _aHernández Sánchez-Barba, Arturo.
_963052
245 1 0 _aEstadística metodológica
_b: (adaptada al cuestionario del vigente Plan de Estudios de las Escuelas de Comercio) /
_cA. Hernández y Sánchez-Barba.
250 _a1ª ed.
260 _a[Valencia :
_bGior,
_c1957]
300 _a342 p. ;
_c21 cm.
852 _aES-MaACL
_jC-13635
_bR.41223
999 _c79529
_d79529